| 000 | 01599nam a2200373 a 4500 | ||
|---|---|---|---|
| 001 | ebr10084838 | ||
| 003 | CaPaEBR | ||
| 006 | m u | ||
| 007 | cr cn||||||||| | ||
| 008 | 000831s2001 enk sb 001 0 eng | ||
| 020 | _z0195142454 (acid-free paper) | ||
| 040 |
_aCaPaEBR _cCaPaEBR |
||
| 035 | _a(OCoLC)59155439 | ||
| 043 | _ae-uk--- | ||
| 050 | 1 | 4 |
_aPR565.S25 _bN64 2001eb |
| 082 | 0 | 4 |
_a821/.509384 _221 |
| 100 | 1 | _aNoggle, James. | |
| 245 | 1 | 4 |
_aThe skeptical sublime _h[electronic resource] : _baesthetic ideology in Pope and the Tory satirists / _cJames Noggle. |
| 260 |
_aOxford ; _aNew York : _bOxford University Press, _c2001. |
||
| 300 | _aix, 269 p. | ||
| 504 | _aIncludes bibliographical references (p. 245-260) and index. | ||
| 533 |
_aElectronic reproduction. _bPalo Alto, Calif. : _cebrary, _d2013. _nAvailable via World Wide Web. _nAccess may be limited to ebrary affiliated libraries. |
||
| 600 | 1 | 0 |
_aPope, Alexander, _d1688-1744 _xCriticism and interpretation. |
| 650 | 0 |
_aEnglish poetry _y18th century _xHistory and criticism. |
|
| 650 | 0 |
_aVerse satire, English _xHistory and criticism. |
|
| 650 | 0 |
_aPolitics and literature _zGreat Britain _xHistory _y18th century. |
|
| 650 | 0 | _aSublime, The, in literature. | |
| 650 | 0 | _aSkepticism in literature. | |
| 650 | 0 | _aAesthetics in literature. | |
| 651 | 0 |
_aGreat Britain _xIntellectual life _y18th century. |
|
| 655 | 7 |
_aElectronic books. _2local |
|
| 710 | 2 | _aebrary, Inc. | |
| 856 | 4 | 0 |
_uhttp://site.ebrary.com/lib/rucke/Doc?id=10084838 _zAn electronic book accessible through the World Wide Web; click to view |
| 999 |
_c50108 _d50108 |
||